Statistics for Name a Country That Ends in A-Z

Click here to take the quiz!

General Stats

  • This quiz has been taken 1,990 times
    (325 since last reset)
  • The average score is 15 of 18

Answer Stats

LetterCountry% Correct
AAlbania, Algeria, Etc.
100%
NAfghanistan, Azerbaijan, Etc.
97%
YGermany, Hungary, Etc.
97%
SBarbados, Belarus, Etc.
96%
EBelize, Cape Verde, Etc.
94%
DChad, Finland, Etc.
94%
IBrunei, Burundi, Etc.
93%
LBrazil, Israel, Etc.
92%
OBurkina Faso, Democratic Republic of the Congo, Etc.
92%
REast Timor, Ecuador, Etc.
90%
UGuniea-Bissau, Nauru, Etc.
87%
MBelgium, United Kingdom, Vietnam
85%
QIraq
84%
TEgypt, Ivory Coast, Kuwait
72%
CCentral African Republic, Czech Republic, Etc.
64%
KDenmark
64%
HBangladesh
55%
GLuxembourg
52%

Score Distribution

Percentile by Number Answered

Percent of People with Each Score

Your Score History

You have not taken this quiz since the last reset